| 000 | 00542nam a2200193 i 4500 | ||
|---|---|---|---|
| 001 | 146293 | ||
| 003 | ES-MaACL | ||
| 005 | 20250805062610.0 | ||
| 007 | t| | ||
| 008 | 070906s1985 sp ||||1| spa d | ||
| 020 | _a84-306-9958-9 | ||
| 245 | 0 | 0 |
_aTratado de sociologĂa / _cSalustiano del Campo. |
| 260 |
_aMadrid : _bTaurus, D.L., _c1985. |
||
| 300 |
_a2 v. ; _c21 cm. |
||
| 650 | 7 |
_aSociologĂa _2embne _917195 |
|
| 700 | 1 |
_aCampo Urbano, Salustiano del. _934221 |
|
| 852 |
_aES-MaACL _jL-8183-4 _bR.108625 |
||
| 999 |
_c146293 _d146293 |
||